=LDR 00000nam 2200000 4500 =001 INLIS000000000033236 =005 20210830115659 =035 ##$$a 0010-061300000033236 =008 210830################g##########0#ind## =041 ##$$a ind =090 ##$$a 345.052; Mar,p =100 1#$$a Marpaung,Leden =245 1#$$a Proses Penanganan Perkara Pidana, Penyelidikan dan Penyelidikan, Dr.Leden Marpaung /$c Dr. Leden Marpaung, SH =260 ##$$a Jakarta :$b Sinar Grafika,$c 2009 =300 ##$$a xvi, 294 hlm ; $c 21x14 cm =650 #4$$a Hukum Pidana =850 ##$$a NBPNMAT =020 ##$$a 978-979-007-067-7 =082 ##$$a 345.052 =084 ##$$a 345.052 MAR p =250 ##$$a cet.2 =990 ##$$a 21003617 =990 ##$$a 21400613/BPAP-NTB/20142014 =990 ##$$a 0001/BPAP-NTB/20142014 =990 ##$$a 0001/BPAP-NTB/20142014 =990 ##$$a 0001/BPAP-NTB/20142014